British Comedians: Picture Quiz no.6 - Statistics

General Stats
  • This quiz has been taken 378 times
  • The average score is 10 of 20
Answer Stats
Picture Hint Answer % Correct
13 Jimmy Carr
89%
18 Russell Brand
84%
16 Michael McIntyre
79%
15 Noel Fielding
79%
14 Sacha Baron Cohen
74%
19 Sara Pascoe
62%
8 Les Dennis
55%
4 Michael Palin
55%
12 Ben Miller
53%
9 Jenny Eclair
48%
20 Omid Djalili
37%
17 Tamsin Greig
37%
3 Marty Feldman
36%
10 Tracey Ullman
35%
5 Freddie Starr
34%
11 Andy Hamilton
28%
2 Arthur Askey
26%
7 Jethro
25%
1 Tommy Trinder
16%
6 Ken Campbell
4%
No matching quizzes found
Score Distribution
Percent of People with Each Score
Percentile by Number Answered
Your Score History
You have not taken this quiz